000
00293nam a2200097 a 4500
005
20201002052535.0
008
150602s2004 000 spa d
245
0
_a
Ninguna mujer debe morir al dar vida.
260
_a
s. l. : Fondo de publicación para Mujeres Indigenas,
_c
s. f.
999
_c
45434
_d
45434
040
_a
DO-SdBNP